000 00497cam a2200193ua 4500
001 3240
008 111013n ii |||gr||||Z||||||asm
040 _cMAIN
082 _a891.4513
100 1 _aDevi, Ashapurna,
_eAuthor.
245 1 1 _aPratham pratishuti
_cby Ashapurna Devi
250 _a1st.
260 _aKolkatta:
_bBhabani publishing concern,979.
300 _a628p:
_c23cm.
653 _aAssamese novel
653 _aPratham pratishuti
700 _aSen, Manu,
_etranslator.
942 _cBK
999 _c3086
_d3086